00802cam a2200241 a 45000010005000000030008000050050017000130080039000300350023000690350018000920350028001100400042001380410008001800820018001881000033002062450066002392600034003053000027003394900041003665040064004076500047004718300042005182553BD-RjUL20211208233559.0131212s1952 nyu b 001 0 eng a(OCoLC)ocm00688255 a(BD-RjUL)2580 a(BD-RjUL)a(NNC)2198818 aDLCcKSUdOCLdSLUdZCUdBD-RjULbeng aeng00a331bLEG 19521 aLeek, John H.q(John Halvor)10aGovernment and labor in the United States /cby John H. Leek. aNew York :bRinehart,cc1952. aviii, 336 p. ;c19 cm.1 aAmerican government in action series aIncludes bibliographical references (p. 299-317) and indes. 0aLabor laws and legislationzUnited States. 0aAmerican government in action series.